000 00543nam a22001937a 4500
003 KOHA_MİRAKIL
005 20251125115403.0
008 251125b tu ||||| |||| 00| 0 tur d
020 _a9786052982235
040 _aTR-AnABB
_btur
_cTR-AnABB
041 _atur
082 _a823.5
_bBEC 2021
100 1 _aBeckett, Samuel,
245 1 0 _aMalone ölüyor /
_cSamuel Beckett
260 _aİstanbul :
_bKırmızı Kedi Yayınları,
_c2021
300 _a162 sayfa ;
_c20 cm
650 0 4 _aİrlanda edebiyatı, roman
942 _2ddc
_cBK
999 _c9625
_d9625
900 _bGizem YORULMAZ